Normal view MARC view
  • Brinton, Daniel Garrison,

Entry Nombre Personal

Number of records used in: 3

001 - NUMERO DE CONTROL

  • campo de control: 32564

003 - IDENTIFICADOR DE NUMERO DE CONTROL

  • campo de control: MX-MxUPN

005 - FECHA Y HORA DE LA ÜLTIMA TRANSACCIÓN

  • campo de control: 20240620152517.0

008 - DATOS DE LONGITUD FIJA

  • campo de control de longitud fija: 240620nn|acnnnaabn | aaa |d

035 ## - NUMERO DE CONTROL

  • Número de control: UPN11000004671

040 ## - FUENTE DE CATALOGACIÓN

  • Lenguaje de catalogación: spa
  • Agencia de transcripción: MX-MxUPN
  • Agencia original de catalogación: MX-MxUPN

100 1# - ENCABEZAMIENTO - NOMBRE PERSONAL

  • Nombre personal: Brinton, Daniel Garrison,
  • Fechas asociadas con el nombre: 1837-1899

670 ## - FUENTE EN LA QUE SE LOCALIZARON DATOS

  • Cita de la fuente: T
  • Uniform Resource Identifier: http://onlinebooks.library.upenn.edu/webbin/book/lookupname?key=Brinton%2C%20Daniel%20Garrison%2C%201837-1899

680 ## - NOTA PUBLICA DE ACCESO PÚBLICO

  • Frase explicativa de la referencia: Escritor estadounidense experto en aborígenes

902 ## - CATALOGADOR

  • Catalogador: CAA/190912